Sub-Districts of Mandatory Palestine in 1945 - Statistics

General Stats
  • This quiz has been taken 247 times
  • The average score is 9 of 16
Answers on the Map
Answers color-coded by a green-red scale on the quiz's map according to % correct below.
 
Answer Stats
Answer % Correct
Gaza
98%
Jerusalem
92%
Haifa
81%
Hebron
70%
Jaffa
64%
Ramallah
62%
Beersheba
61%
Nazareth
60%
Nablus
57%
Jenin
54%
Acre
52%
Tulkarm
43%
Tiberias
40%
Ramle
39%
Beisan
30%
Safad
30%
No matching quizzes found
Score Distribution
Percent of People with Each Score
Percentile by Number Answered
Your Score History
You have not taken this quiz